|
|
|
|
| LEADER |
00911nam a22002297a 4500 |
| 001 |
AAL7553 |
| 003 |
BD-DhAAL |
| 005 |
20160204112611.0 |
| 008 |
160204s 2010bd a|||| b||| 00| 0 ben d |
| 020 |
|
|
|a 9847012000434
|
| 040 |
|
|
|a BD-DhAAL
|c BD-DhAAL
|
| 082 |
|
|
|a 333.75/137/095492
|
| 100 |
|
|
|a আলী, আহমদ
|9 17716
|
| 245 |
|
|
|a বাংলাদেশের বন ও বনায়ন /
|c আহমদ আলী
|
| 250 |
|
|
|a 1st ed.
|
| 260 |
|
|
|a ঢাকা :
|b একুশে বাংলা প্রকাশন,
|c ২০১০.
|
| 300 |
|
|
|a ৮৭ পৃ. :
|b চিত্র ;
|c ২২ সে.মি.
|
| 541 |
|
|
|e 7553
|
| 650 |
|
|
|a Forests and forestry
|x Bangladesh.
|9 17717
|
| 942 |
|
|
|2 ddc
|c BK
|
| 999 |
|
|
|c 36763
|d 36763
|
| 952 |
|
|
|0 0
|1 0
|2 ddc
|4 0
|6 333_750000000000000_137_095492_ALI
|7 0
|9 57852
|a SCL
|b SCL
|c GEN
|d 2016-02-04
|g 120.00
|l 0
|o 333.75137095492 ALI
|p 3020007553
|r 2016-02-04
|t 1
|w 2016-02-04
|y BK
|